000 00469nam a22001817a 4500
003 MPLRDC
005 20220104175335.0
008 210129b ||||| |||| 00| 0 eng d
020 _a967-73-0007-5
082 _a524.967 SENG-2 v.5 1984
100 _aTAN WANG SENG
245 _aMATEMATIK MODEN MENENGAH TERBARU TINGKATAN 5
_c
250 _a第四版
260 _a
_bTROPICAL PRESS S/B
_c1984
300 _b
650 _a
942 _cBK
_o524.967 SENG-2 v.5 1984
999 _c60328
_d60318